Modo de dar profesiones y avitos a las que etran a ser religiosas segun los observa las de la sancta ynes de monte policiano del orden de predicadores de nuestro padre sancto domingo en esta ciudad de los angeles. (Record no. 8246)

MARC details
000 -CABECERA
campo de control de longitud fija 01144nam a2200277 a 4500
001 - NÚMERO DE CONTROL
campo de control BRCA_8583
005 - FECHA Y HORA DE LA ÚLTIMA TRANSACCIÓN
campo de control 20190320210334.0
008 - DATOS DE LONGITUD FIJA--INFORMACIÓN GENERAL
campo de control de longitud fija 220816sXVII----mx-b######---#000-0#spa-#
041 ## - CÓDIGO DE LENGUA
Código de lengua del texto/banda sonora o título independiente spa
044 ## - CÓDIGO DEL PAÍS DE LA ENTIDAD EDITORA/PRODUCTORA
Código MARC del país mx
050 #4 - SIGNATURA TOPOGRÁFICA DE LA BIBLIOTECA DEL CONGRESO
Número de clasificación BX4200
Número de documento/Ítem .M63 s. XVII
245 10 - MENCIÓN DE TÍTULO
Título Modo de dar profesiones y avitos a las que etran a ser religiosas segun los observa las de la sancta ynes de monte policiano del orden de predicadores de nuestro padre sancto domingo en esta ciudad de los angeles.
260 ## - PUBLICACIÓN, DISTRIBUCIÓN, ETC.
Lugar de publicación, distribución, etc. México
Nombre del editor, distribuidor, etc. [s.i]
Fecha de publicación, distribución, etc. s. XVII?
300 ## - DESCRIPCIÓN FÍSICA
Extensión 16 cm.
Dimensiones 26 cm.
500 ## - NOTA GENERAL
Nota general Fondo antiguo
500 ## - NOTA GENERAL
Nota general Se encuentra en Caja Fuerte
500 ## - NOTA GENERAL
Nota general 13-51
500 ## - NOTA GENERAL
Nota general Libro manuscrito en dos tintas negra y roja, ilustración en contraportada a color desprendida
500 ## - NOTA GENERAL
Nota general Incluye partituras
506 0# - NOTA DE RESTRICCIONES AL ACCESO
Limitaciones de acceso Fondo reservado: para su consulta es necesario credencial de usuario y carta de motivos
546 ## - NOTA DE LENGUA/LENGUAJE
Nota de lengua/lenguaje Texto en : español antiguo y latín
650 14 - PUNTO DE ACCESO ADICIONAL DE MATERIA--TÉRMINO DE MATERIA
Término de materia o nombre geográfico como elemento de entrada Órdenes religiosas
Término indicativo de función/relación Mujeres
Subdivisión geográfica México
9 (RLIN) 821
650 14 - PUNTO DE ACCESO ADICIONAL DE MATERIA--TÉRMINO DE MATERIA
Término de materia o nombre geográfico como elemento de entrada Monaquismo y órdenes religiosas para mujeres
Término indicativo de función/relación Liturgía
Subdivisión de forma Trabajos anteriores a 1800
9 (RLIN) 21486
902 ## - CATALOGADOR
Iniciales LAR
942 ## - ELEMENTOS DE PUNTO DE ACCESO ADICIONAL (KOHA)
Fuente del sistema de clasificación o colocación Library of Congress Classification
Tipo de ítem Koha Libros
Holdings
Estado de retiro Estado de pérdida Estado dañado No para préstamo Localización permanente Ubicación/localización actual Fecha de adquisición Total de préstamos Signatura topográfica completa Código de barras Fecha visto por última vez Precio válido a partir de Tipo de ítem Koha
El ejemplar forma parte de la colección y puede ser consultado según las políticas vigentes.       Biblioteca del Museo Franz Mayer (Rogerio Casas-Alatriste) Biblioteca del Museo Franz Mayer (Rogerio Casas-Alatriste) 22/08/2016   BX4200 .M63 s. XVII LAR00088 22/03/2019 22/03/2019 Libros